Famous People Named Henry - Statistics

General Stats
  • This quiz has been taken 314 times
  • The average score is 11 of 24
Answer Stats
Clue Answer % Correct
Anne Boleyn's husband Henry VIII
92%
Assembly line pioneer Henry Ford
73%
Escape stunt performer Harry Houdini
72%
One Direction member Harry Styles
72%
FDR's successor Harry S. Truman
67%
"King of Latin Pop", Julio's son Enrique Iglesias
66%
Father of Jane and Peter Henry Fonda
65%
Nixon's Secretary of State Henry Kissinger
55%
Fonzie from "Happy Days" Henry Winkler
55%
"Man of Steel", superman Henry Cavill
48%
Head of the SS Heinrich Himmler
46%
"The Boy Who Lived" Harry Potter
40%
Caribbean privateer and rum brand namesake Henry Morgan
38%
"A Doll's House" playwright Henrik Ibsen
37%
England's soccer captain Harry Kane
35%
"Moon River" composer Henry Mancini
32%
755 home runs Hank Aaron
31%
Day-O, Jump in the Line Harry Belafonte
31%
"Walden" author Henry David Thoreau
31%
17th century English explorer Henry Hudson
28%
Often painted posters for the Moulin Rouge Henri De Toulouse-Lautrec
25%
Do ya feel lucky, punk? Harry Callahan
20%
Nuclear reactor developer Enrico Fermi
13%
Prince who kicked off the Age of Discovery Henry the Navigator
13%
No matching quizzes found
Score Distribution
Percent of People with Each Score
Percentile by Number Answered
Your Score History
You have not taken this quiz